00587nam a2200205 a 4500001001300000003000900013005001700022008004100039020002500080082001700105100002700122245003400149260004500183300000900228500003500237505002600272650003500298650002100333700002700354nice12345678IN_TiNIC20260116013939.0050524s1994 chia grp 000 0 eng  a0226875 c954.500a291.422bSEL aSells, Michael Anthony aMystical Language of Unsaying aChicagobChicago University Press c1994 a316p aincludes index and biblioraphy2 aselected bibliography aComparative Religion-Mysticism aSufism-Ibn Arabi1 aSells, Michael Anthony